| 000 -LEADER |
| fixed length control field |
01903cam a2200349 i 4500 |
| 001 - CONTROL NUMBER |
| control field |
(Sirsi) a1039418 |
| 003 - CONTROL NUMBER IDENTIFIER |
| control field |
OSt |
| 005 - DATE AND TIME OF LATEST TRANSACTION |
| control field |
20230621092311.0 |
| 008 - FIXED-LENGTH DATA ELEMENTS--GENERAL INFORMATION |
| fixed length control field |
180404r20172016enka c 000 1 eng d |
| 020 ## - INTERNATIONAL STANDARD BOOK NUMBER |
| International Standard Book Number |
9780008185169 |
| Qualifying information |
(paperback) : |
| 040 ## - CATALOGING SOURCE |
| Language of cataloging |
eng |
| Modifying agency |
SALS |
| -- |
TAE |
| -- |
KH8 |
| Description conventions |
rda |
| Transcribing agency |
WWBK |
| 042 ## - AUTHENTICATION CODE |
| Authentication code |
nbic |
| 082 0# - DEWEY DECIMAL CLASSIFICATION NUMBER |
| Classification number |
823.92 BAD |
| 100 1# - MAIN ENTRY--PERSONAL NAME |
| Personal name |
Baddiel, David, |
| Relator term |
author. |
| 245 10 - TITLE STATEMENT |
| Title |
AniMalcolm : |
| Remainder of title |
life as an animal is wild-- / |
| Statement of responsibility, etc. |
David Baddiel ; illustrated by Jim Field. |
| 264 #1 - PRODUCTION, PUBLICATION, DISTRIBUTION, MANUFACTURE, AND COPYRIGHT NOTICE |
| Place of production, publication, distribution, manufacture |
London : |
| Name of producer, publisher, distributor, manufacturer |
HarperCollins Children's Books, |
| Date of production, publication, distribution, manufacture, or copyright notice |
2017. |
| 264 #4 - PRODUCTION, PUBLICATION, DISTRIBUTION, MANUFACTURE, AND COPYRIGHT NOTICE |
| Date of production, publication, distribution, manufacture, or copyright notice |
©2016. |
| 300 ## - PHYSICAL DESCRIPTION |
| Extent |
354 pages : |
| Other physical details |
illustrations ; |
| Dimensions |
20 cm. |
| 336 ## - CONTENT TYPE |
| Content type term |
text |
| Content type code |
txt |
| Source |
rdacontent. |
| 336 ## - CONTENT TYPE |
| Content type term |
still image |
| Content type code |
sti |
| Source |
rdacontent. |
| 337 ## - MEDIA TYPE |
| Media type term |
unmediated |
| Media type code |
n |
| Source |
rdamedia. |
| 338 ## - CARRIER TYPE |
| Carrier type term |
volume |
| Carrier type code |
nc |
| Source |
rdacarrier. |
| 500 ## - GENERAL NOTE |
| General note |
First published in hardcover, 2016. |
| 520 ## - SUMMARY, ETC. |
| Summary, etc. |
Malcolm doesn't like animals. Which is a problem because his family love them. Their house is full of pets. What the house is NOT full of is stuff Malcolm likes. Such as the laptop he wanted for his birthday. The only bright spot on the horizon is the Year 6 school trip, which Malcolm never thought his parents would pay for. And yet there he is, on the bus, heading to... oh no. The farm. Over the next days, Malcolm changes. He learns a lot about animals. More, in many ways, than he would like. He learns what it's really like to be an animal. A whole series of animals, in fact. It does make him think differently. And speak differently. And eat differently. But will he end up the same as he was before? Because sometimes the hardest thing to become is... yourself. |
| 521 1# - TARGET AUDIENCE NOTE |
| Target audience note |
Ages 9-12. |
| 650 #0 - SUBJECT ADDED ENTRY--TOPICAL TERM |
| Topical term or geographic name entry element |
Animals |
| Form subdivision |
Juvenile fiction. |
| 650 #0 - SUBJECT ADDED ENTRY--TOPICAL TERM |
| Topical term or geographic name entry element |
Families |
| Form subdivision |
Juvenile fiction. |
| 650 #0 - SUBJECT ADDED ENTRY--TOPICAL TERM |
| Topical term or geographic name entry element |
School field trips |
| Form subdivision |
Juvenile fiction. |
| 650 #0 - SUBJECT ADDED ENTRY--TOPICAL TERM |
| Topical term or geographic name entry element |
Shapeshifting |
| Form subdivision |
Juvenile fiction. |
| 700 1# - ADDED ENTRY--PERSONAL NAME |
| Personal name |
Field, Jim, |
| Dates associated with a name |
1980- |
| Relator term |
illustrator. |
| 942 ## - ADDED ENTRY ELEMENTS (KOHA) |
| Source of classification or shelving scheme |
|
| Koha item type |
Books - Fiction |